2024/2025 Premier League Goalscorers: Gameweek 25 - Statistics

General Stats
  • This quiz has been taken 41 times
    39 since last reset
  • The average score is 25 of 30
Answer Stats
Fixture Club Score Goalscorer % Correct
Everton v Liverpool Liverpool 2-1 Mohamed Salah
100%
Liverpool v Wolves Liverpool 2-0 Mohamed Salah
100%
Fulham v Nottingham Forest Nottingham Forest 1-1 Chris Wood
97%
Brighton v Chelsea Brighton 1-0 Kaoru Mitoma
97%
Aston Villa v Ipswich Ipswich 1-0 Liam Delap
94%
Liverpool v Wolves Liverpool 1-0 Luis Diaz
94%
Aston Villa v Ipswich Aston Villa 1-1 Ollie Watkins
94%
Manchester City v Newcastle Manchester City 1-0 Omar Marmoush
94%
Manchester City v Newcastle Manchester City 2-0 Omar Marmoush
94%
Manchester City v Newcastle Manchester City 3-0 Omar Marmoush
94%
Leicester v Arsenal Arsenal 1-0 Mikel Merino
91%
Leicester v Arsenal Arsenal 2-0 Mikel Merino
91%
Everton v Liverpool Everton 1-0 Beto
88%
Crystal Palace v Everton Everton 1-0 Beto
88%
Tottenham v Manchester United Tottenham 1-0 James Maddison
88%
Liverpool v Wolves Wolves 2-1 Matheus Cunha
88%
Everton v Liverpool Liverpool 1-1 Alexis Mac Allister
85%
Crystal Palace v Everton Crystal Palace 1-1 Jean-Philippe Mateta
85%
Everton v Liverpool Everton 2-2 James Tarkowski
79%
Southampton v Bournemouth Bournemouth 1-0 Dango Ouattara
74%
Brighton v Chelsea Brighton 2-0 Yankuba Minteh
74%
Brighton v Chelsea Brighton 3-0 Yankuba Minteh
74%
West Ham v Brentford Brentford 1-0 Kevin Schade
71%
Fulham v Nottingham Forest Fulham 1-0 Emile Smith-Rowe
68%
Southampton v Bournemouth Bournemouth 2-0 Ryan Christie
68%
Manchester City v Newcastle Manchester City 4-0 James McAtee
62%
Southampton v Bournemouth Bournemouth 3-1 Marcus Tavernier
59%
Fulham v Nottingham Forest Fulham 2-1 Calvin Bassey
56%
Crystal Palace v Everton Everton 2-1 Carlos Alcaraz
53%
Southampton v Bournemouth Southampton 2-1 Kamaldeen Sulemana
50%
No matching quizzes found
Score Distribution
Percent of People with Each Score
Percentile by Number Answered
Your Score History
You have not taken this quiz since the last reset